000 00557nam a22001817a 4500
003 OSt
005 20260311070933.0
008 260311b |||||||| |||| 00| 0 eng d
040 _aDWCL Main lib
_cOC
082 _aFil. 363.7392 En56 2005
100 _aENVIRONMENTAL MANAGEMENT BUREAU
245 _aBreath clean air :
_bmodule series
_cENVIRONMENTAL MANAGEMENT BUREAU
260 _aQuezon City :
_bThe Bureau,
_cc2005.
300 _axii, various paging :
_bill. ;
_c28 cm.
650 _aAir pollution.
650 _aAir.
942 _2ddc
_cBK - FIL
_kFil.
_n0
999 _c8958
_d8958